00515nam a22001697a 450000500170000001000150001702000260003203500130005803700130007108200100008410000140009424500770010826000310018527000690021630000200028550000400030520150626103841.0 aENG-112908 c625.00a9788181523129 aEN-96440 bDBAD/PUB a158.1 aRao, M.S. aSage advice for students and educators : cby M.S. Rao bstay inspired / aJaipurbBook Enclavec2013 a F-11, S.S. Tower, Dhamani Street, Chaura Rasta,bJaipure302003 a160p.c22cm(Hb) aIncludes bibliographical references